| 000 | 00757nam a2200241 i 4500 | ||
|---|---|---|---|
| 001 | 173039 | ||
| 003 | ES-MaACL | ||
| 005 | 20230906215120.0 | ||
| 008 | 091016s1976 fr |||| | fre d | ||
| 080 | _a929 Cami | ||
| 080 | _a821.133.1-"19" | ||
| 100 | 1 |
_aLaclos, Michel. _9141463 |
|
| 245 | 1 | 0 |
_aCami / _cMichel Laclos. |
| 260 |
_aParis : _bSeghers, _c1976. |
||
| 300 |
_a190 p., [4] p. de fot. : _bil. ; _c16 cm. |
||
| 490 | 1 |
_aSeghers humour ; _v4 |
|
| 500 | _aContiene una selección de textos y dibujos de Pierre-Henri Cami. | ||
| 600 | 1 | 4 |
_aCami. _9141464 |
| 700 | 1 |
_aCami. _9141464 |
|
| 830 | 0 |
_aSeghers humour ; _v4 _9223478 |
|
| 852 | 4 |
_aES-MaACL _jE-13033 _9R.139258 . - _zBiblioteca Jacinto MartÃnez Lacalle |
|
| 999 |
_c173039 _d173039 |
||